Normal view
MARC view
Entry Personal Name
001 - CONTROL NUMBER
- control field: 25719
003 - CONTROL NUMBER IDENTIFIER
- control field: dpl
005 - DATE AND TIME OF LATEST TRANSACTION
- control field: 20110203102607.0
008 - FIXED-LENGTH DATA ELEMENTS
- fixed length control field: 110203|||a|||||| | ||| d
040 ## - CATALOGING SOURCE
- Original cataloging agency: dpl
- Transcribing agency: dpl
100 ## - HEADING--PERSONAL NAME
- Personal name: महान्ती, गोपीनाथ
670 ## - SOURCE DATA FOUND
- Source citation: Work cat.: (dpl)49227: महान्ती, गोपीनाथ, परजा / , 2008
670 ## - SOURCE DATA FOUND
- Source citation: Work cat.: (dpl)49227: महान्ती, गोपीनाथ, परजा / , 2008
